Statistics for Country Flags with the Most Green

Click here to take the quiz!

General Stats

  • This quiz has been taken 16,966 times
  • The average score is 10 of 15

Answer Stats

Answer % Correct
Brazil
99%
Saudi Arabia
95%
Pakistan
88%
Nigeria
86%
Bangladesh
83%
Algeria
78%
Turkmenistan
68%
Zambia
54%
Togo
54%
Mauritania
53%
Dominica
48%
Guyana
48%
Burkina Faso
47%
Sao Tome & Principe
40%
Solomon Islands
36%

Score Distribution

Percentile by Number Answered

Percent of People with Each Score

Your Score History

You have not taken this quiz